INTRODUCTION TO FUNGI (Record no. 15541)
[ view plain ]
| 000 -LEADER | |
|---|---|
| fixed length control field | 00382cam a2200169ua 4500 |
| 008 - FIXED-LENGTH DATA ELEMENTS--GENERAL INFORMATION | |
| fixed length control field | 151210n II |||gr||||Z||||||eng |
| 040 ## - CATALOGING SOURCE | |
| Original cataloging agency | MAIN |
| 041 ## - LANGUAGE CODE | |
| -- | English |
| 082 ## - DEWEY DECIMAL CLASSIFICATION NUMBER | |
| Classification number | 579.5 ACH |
| 100 ## - MAIN ENTRY--PERSONAL NAME | |
| Personal name | ACHARYA , JAGDISH . |
| 245 ## - TITLE STATEMENT | |
| Title | INTRODUCTION TO FUNGI |
| 260 ## - PUBLICATION, DISTRIBUTION, ETC. | |
| Place of publication, distribution, etc. | DELHI: |
| Name of publisher, distributor, etc. | RAJAT PUB., |
| Date of publication, distribution, etc. | 2008. |
| 300 ## - PHYSICAL DESCRIPTION | |
| Extent | 311: |
| Dimensions | 20 CM. |
| 942 ## - ADDED ENTRY ELEMENTS (KOHA) | |
| Koha item type | Books |
| 653 ## - INDEX TERM--UNCONTROLLED | |
| Uncontrolled term | Fungi |
| Withdrawn status | Lost status | Damaged status | Not for loan | Collection code | Home library | Current library | Shelving location | Date acquired | Full call number | Barcode | Date last seen | Copy number | Price effective from | Koha item type |
|---|---|---|---|---|---|---|---|---|---|---|---|---|---|---|
| TBBOT | Central Library and Information Centre Sibsagar Girls College | Central Library and Information Centre Sibsagar Girls College | Botany Rack | 13.07.2008 | 579.5 ACH | 23966 | 27.02.2020 | 1 | 27.02.2020 | Books |